16 najlepszych obcokrajowców ekstraklasy 24/25 - Statystyki

Ogólne statystyki
  • Ten quiz został rozwiązany 32 razy
  • Średni wynik to 7 z 16
Statystyki odpowiedzi
drużyna ocena zawodnik % Poprawnych
Lech Poznań 5,72 Mikael Ishak
100%
Jagiellonia Białystok 5,79 Jesus Imaz
90%
Pogoń Szczecin 5,72 Efthymios Koulouris
70%
Cracovia Kraków 5,47 Benjamin Kallman
63%
Lech Poznań 5,66 Ali Gholizadeh
60%
Lech Poznań 5,94 Afonso Sousa
57%
Lech Poznań 5,31 Joel Pereira
53%
Raków Częstochowa 5,76 Ivan Lopez
47%
Lechia Gdańsk 5,64 Camilo Mena
43%
Lechia Gdańsk 5,28 Rifet Kapić
30%
Piast Gliwice 5,26 Frantisek Plach
27%
Lechia Gdańsk 5,25 Ajdin Hasić
17%
Górnik Zabrze 5,57 Erik Janza
17%
Cracovia Kraków 5,26 Mikkel Maigaard
17%
Pogoń Szczecin 5,35 Joao Gamboa
10%
Raków Częstochowa 5,47 Władysław Koczerhin
10%
Nie znaleziono quizów pasujących do podanych kryteriów
Rozkład punktacji
Procent ludzi z każdym wynikiem
Percentyl według liczby udzielonych odpowiedzi
Twoja historia wyników
Nie rozwiązałeś tego quizu